Escarabajos coprófagos (Coleoptera: Scarabaeidae) de la provincia de la Sierra Nevada de Santa Marta (Registro nro. 16233)

Detalles MARC
000 -CABECERA
Campo de control 006270000a22002050004500
090 ## - CLASIFICACIÓN LOCAL
Colección AS
Consecutivo SERIADAS
041 0# - IDIOMA
Código de idioma para texto/pista de sonido o título separado
041 0# - IDIOMA
Código de idioma para texto/pista de sonido o título separado
044 ## - PAÍS DE PUBLICACIÓN
País de publicación
100 1# - ASIENTO PRINCIPAL--NOMBRE PERSONAL
Nombre personal Noriega A., Jorge Ari
245 10 - MENCION DE TITULO
Título Escarabajos coprófagos (Coleoptera: Scarabaeidae) de la provincia de la Sierra Nevada de Santa Marta
651 #4 - ASIENTO SECUNDARIO DE MATERIA - NOMBRE GEOGRAFICO
-- Colombia
700 1# - ASIENTO SECUNDARIO - NOMBRE PERSONAL
Nombre personal Escobar S., Federico
700 1# - ASIENTO SECUNDARIO - NOMBRE PERSONAL
Nombre personal Realpe R., Emilio
773 1# - Item fuente:
Título Biota Colombiana
Descripción física 1
Paginas del Articulo 77-86
Lugar, editorial y fecha de publicación 2007
Información sobre la relación 8
942 ## - ELEMENTOS ADICIONALES (KOHA)
Tipo de ítem Artículo

No hay ítems disponibles.